|
|
|
|
| LEADER |
00000nam0a2200000 4500 |
| 001 |
261982 |
| 005 |
20231101233619.0 |
| 035 |
|
|
|a (RuTPU)RU\TPU\book\284964
|
| 090 |
|
|
|a 261982
|
| 100 |
|
|
|a 20140528d1988 k y0rusy50 ca
|
| 101 |
0 |
|
|a rus
|
| 102 |
|
|
|a RU
|
| 105 |
|
|
|a a z 001zy
|
| 200 |
1 |
|
|a Комплексная переработка отходов медно-никелевой промышленности на строительные и технические материалы
|f А. П. Зосин
|g Академия наук СССР (АН СССР), Институт химии и технологии редких элементов и минерального сырья им. И. В. Тананаева (ИХТРЭМС)
|
| 210 |
|
|
|a Апатиты
|c Изд-во Кольского филиала АН СССР
|d 1988
|
| 215 |
|
|
|a 106 с.
|c ил.
|
| 320 |
|
|
|a Библиогр.: с. 97-105
|
| 606 |
1 |
|
|a Металлургические шлаки
|x Применение в строительстве
|2 stltpush
|3 (RuTPU)RU\TPU\subj\42945
|9 62552
|
| 606 |
1 |
|
|a Медно-никелевые руды
|x Добыча
|2 stltpush
|3 (RuTPU)RU\TPU\subj\41826
|9 61603
|
| 610 |
1 |
|
|a комплексная переработка
|
| 610 |
1 |
|
|a строительные материалы
|
| 610 |
1 |
|
|a технические материалы
|
| 610 |
1 |
|
|a рекуперация
|
| 610 |
1 |
|
|a сорбционные свойства
|
| 675 |
|
|
|a 691.33
|v 3
|
| 675 |
|
|
|a 622.343/349
|v 3
|
| 700 |
|
1 |
|a Зосин
|b А. П.
|
| 712 |
0 |
2 |
|a Академия наук СССР (АН СССР)
|b Институт химии и технологии редких элементов и минерального сырья им. И. В. Тананаева (ИХТРЭМС)
|c (Апатиты)
|2 stltpush
|3 (RuTPU)RU\TPU\col\11482
|
| 801 |
|
1 |
|a RU
|b 63413507
|c 20140528
|
| 801 |
|
2 |
|a RU
|b 63413507
|c 20160617
|g RCR
|
| 942 |
|
|
|c BK
|